000 00325cam a22000977a 4500
008 180718b xxu||||| |||| 00| 0 eng d
082 _aU61009x54 D628
245 _aDirectory of key personnel in public enterprises and "Who is Who" in public sector
260 _a
_bStanding Conference of Public Enterprises
_c
300 _aviii, 283p.
999 _c435612
_d435612